Quelle ville est la plus peuplée ? - Statistiques

Statistiques générales
  • Ce quiz a été pris 50 fois
  • Le résultat moyen est 6 sur 15
Statistiques - réponses
Question Réponse % Correct
Quelle ville est la plus peuplée ? Birmingham
100%
Quelle ville est la plus peuplée ? Los Angeles
100%
Quelle ville est la plus peuplée ? Madrid
100%
Quelle ville est la plus peuplée ? New York
100%
Quelle ville est la plus peuplée ? Milan
50%
Quelle ville est la plus peuplée ? Prague
50%
Quelle ville est la plus peuplée ? Shanghai
50%
Quelle ville est la plus peuplée ? Abidjan
0%
Quelle ville est la plus peuplée ? Bagdad
0%
Quelle ville est la plus peuplée ? Barcelone
0%
Quelle ville est la plus peuplée ? Guadalajara
0%
Quelle ville est la plus peuplée ? Istanbul
0%
Quelle ville est la plus peuplée ? Lagos
0%
Quelle ville est la plus peuplée ? Moscou
0%
Quelle ville est la plus peuplée ? Paris
0%
Aucun quiz correspondant
Distribution des résultats
% des personnes avec chaque résultat
Percentile par nombre de réponses
Votre historique - résultats
Vous n’avez pas pris ce quiz